000 01007nam a2200277 i 4500
001 bg
245 1 0 _aFinansowanie projektów zasilanych ze środków funduszy unijnych :
_bpraca zbiorowa /
_cpod nadzorem merytorycznym Ireny Herbst ; [aut. Maria Awa et al.]
260 _aWarszawa :
_bTwigger,
_c2007.
300 _a251, [1] s. ;
_c21 cm.
490 1 _aJak skutecznie wykorzystać fundusze unijne 2007-2013
_v3
500 _aNa okł. nazwa projektu edukacyjnego : "Europejska Akademia Samorządowa".
650 9 _aFundusze strukturalne UE
_zPolska
_yod 2007 r.
655 _aPoradniki
700 1 _aHerbst, Irena.
_eRed.
700 1 _aAwa, Maria.
830 _aJak skutecznie wykorzystać fundusze unijne 2007-2013
020 _a9788388904899
040 _cBPK
041 0 _apol
044 _aPOL
080 _a339.7:332.14](438+4-67)
920 _a978-83-88904-89-9
942 _cKS
008 s pl f |000 0 pol
999 _c55146
_d55146
856 _uhttp://koha.tu.koszalin.pl/cgi-bin/koha/opac-detail.pl?biblionumber=55146
_yKatalog online BPK